000 00994nam a2200217 4500
001 127819
003 ES-MaACL
005 20251005063111.0
007 t|
008 070214q1923 sp r ||||1| spa d
100 1 _aRío Hortega, Pío del,
_d1882-1945
_997326
245 1 0 _aConstitución histológica de la glándula pineal
_b: I. células parenquimatosas /
_cPío del Río Hortega.
260 _aMadrid :
_bJunta para Ampliación de Estudios e Investigaciones Científicas,
_c[1923?]
300 _a44 p. :
_bil. ;
_c24 cm.
490 1 _aTrabajos del Laboratorio de Histopatología de la Junta para Ampliación de Estudios ;
_v23
500 _aPublicado en el `Libro en honor de D. Santiago Ramón y Cajal` T. I.
710 2 _aJunta para la Ampliación de Estudios e Investigaciones Científicas.
_95413
830 0 0 _aTrabajos del Laboratorio de Histopatología de la Junta para Ampliación de Estudios
_v23
_9184307
852 _aES-MaACL
_j1648-F-3
999 _c127819
_d127819